[Event "Maikop Adygea Cup 74th"]
[Site "Maikop"]
[Date "2022.01.30"]
[Round "9"]
[White "Ibragimov, Ruslan"]
[Black "Kutkin, Alexey"]
[Result "1-0"]
[WhiteElo "1121"]
[BlackElo "1364"]
[PlyCount "87"]
[EventDate "2022.01.22"]
[EventType "swiss"]
[EventRounds "9"]
[EventCountry "RUS"]
[SourceTitle "EXT 2023"]
[Source "ChessBase"]
[SourceDate "2022.10.05"]
[SourceVersion "1"]
[SourceVersionDate "2022.10.05"]
[SourceQuality "1"]

1. e4 Nc6 2. Nf3 d6 3. Nc3 e5 4. Bb5 Bd7 5. a3 Be7 6. Nd5 a6 7. Ba4 b5 8. Bb3 Nd4 9. Nxd4 exd4 10. Nxe7 Nxe7 11. d3 c5 12. Bf4 Qa5+ 13. Bd2 Qc7 14. Qf3 d5 15. exd5 Qe5+ 16. Qe4 Qxe4+ 17. dxe4 0-0-0 18. c4 Rde8 19. 0-0 f5 20. e5 Ng6 21. e6 bxc4 22. exd7+ Kxd7 23. Ba4+ Kd6 24. Bxe8 Rxe8 25. Rfe1 Rb8 26. Rab1 Kxd5 27. g3 Ne5 28. Rxe5+ Kxe5 29. Bf4+ Ke4 30. Bxb8 Kd3 31. Bf4 c3 32. bxc3 dxc3 33. Rc1 h6 34. h4 c2 35. Kf1 c4 36. Ke1 a5 37. a4 Kc3 38. Be5+ Kb3 39. Bxg7 c3 40. Bxh6 Kxa4 41. Rxc2 Kb3 42. Kd1 a4 43. Bc1 Kb4 44. h5 1-0